Lecture Notes in Computer Science / (Record no. 176313)
[ view plain ]
| 000 -LEADER | |
|---|---|
| fixed length control field | 01749 a2200181 4500 |
| 003 - CONTROL NUMBER IDENTIFIER | |
| control field | Nust |
| 005 - DATE AND TIME OF LATEST TRANSACTION | |
| control field | 20220727125746.0 |
| 020 ## - INTERNATIONAL STANDARD BOOK NUMBER | |
| International Standard Book Number | 3540180990 |
| 040 ## - CATALOGING SOURCE | |
| Transcribing agency | Nust |
| 082 ## - DEWEY DECIMAL CLASSIFICATION NUMBER | |
| Classification number | 004.35,LEC |
| 100 ## - MAIN ENTRY--PERSONAL NAME | |
| Personal name | Jung.H, Albrecht .A |
| 9 (RLIN) | 95468 |
| 245 ## - TITLE STATEMENT | |
| Title | Lecture Notes in Computer Science / |
| Medium | A.Albrecht , H . Jung k.Mehlhorn Editer |
| 260 ## - PUBLICATION, DISTRIBUTION, ETC. | |
| Place of publication, distribution, etc. | Berlin |
| Name of publisher, distributor, etc. | Springer-Verlag |
| Date of publication, distribution, etc. | 1987 |
| 300 ## - PHYSICAL DESCRIPTION | |
| Extent | 205p .: |
| 505 ## - FORMATTED CONTENTS NOTE | |
| Formatted contents note | Deterministic Simulation of Idealized Parallel Computer on More Realistic ones (Page-11), Convex hull of randomly chosen Points from a Poly tope (Page-16), Data flow Computing (Page-25), Parallel in Sequence Towards the architecture of an elementary cortical Processor (Page-37), Parallel Algorithms Processing of Combinatorial Search (Page-60) Cost Parallel Algorithms for the Single function Coarsest Partition Problem (Page-70), Aystolic Algorithms of Computing the Visibility Polygon and Triangulation of a Polygonal Region (Page-77), A Recurstive layout Computing System (Page-86), Parallel Linear Conflict-free Subtree Access (Page-89) A Formal definition for systolic Systems (Page-97), Parallel Recognition of Outer planer Graphs (Page-105), Solutions for the Distributed Termination Problem (Page-114), Memories for Prallel Subtree-Access (Page-122), A Multi-Processor Lisp Machine with Parallel Garbage Collector (Page-131), A note on Optical Parallel Transformation of Regular Expressions to nondeterministic Finite automate (Page-138), Optical Prallel Parsing of Bracket Languages (Page-146), On reliable networks from unreliable Gates (Page-155) Area-time tradeoffs for Selection (Page-163), Optimization of Special Permutation Networks Using Simple (Page-169). |
| 650 ## - SUBJECT ADDED ENTRY--TOPICAL TERM | |
| Topical term or geographic name entry element | Computer Science |
| 942 ## - ADDED ENTRY ELEMENTS (KOHA) | |
| Source of classification or shelving scheme | |
| Koha item type | Book |
| Call number prefix | 004.35,LEC |
| Withdrawn status | Lost status | Source of classification or shelving scheme | Damaged status | Not for loan | Permanent Location | Current Location | Shelving location | Date acquired | Full call number | Barcode | Date last seen | Price effective from | Koha item type | Public note |
|---|---|---|---|---|---|---|---|---|---|---|---|---|---|---|
| Military College of Signals (MCS) | Military College of Signals (MCS) | General Stacks | 12/12/2016 | 004.35,LEC | MCS3140 | 12/08/2016 | 12/12/2016 | Book | Almirah No.2, Self No.5 |
